From war to democracy : (Record no. 11497)
[ view plain ]
| 000 -LEADER | |
|---|---|
| fixed length control field | 02022cam a2200385 a 4500 |
| 001 - CONTROL NUMBER | |
| control field | 15334312 |
| 005 - DATE AND TIME OF LATEST TRANSACTION | |
| control field | 20171019140158.0 |
| 008 - FIXED-LENGTH DATA ELEMENTS--GENERAL INFORMATION | |
| fixed length control field | 080618s2008 enk b 001 0 eng |
| 010 ## - LIBRARY OF CONGRESS CONTROL NUMBER | |
| LC control number | 2008297935 |
| 015 ## - NATIONAL BIBLIOGRAPHY NUMBER | |
| National bibliography number | GBA855769 |
| Source | bnb |
| 015 ## - NATIONAL BIBLIOGRAPHY NUMBER | |
| National bibliography number | GBA853089 |
| Source | bnb |
| 016 7# - NATIONAL BIBLIOGRAPHIC AGENCY CONTROL NUMBER | |
| Record control number | 014568555 |
| Source | Uk |
| 016 7# - NATIONAL BIBLIOGRAPHIC AGENCY CONTROL NUMBER | |
| Record control number | 014576584 |
| Source | Uk |
| 020 ## - INTERNATIONAL STANDARD BOOK NUMBER | |
| International Standard Book Number | 9780521885669 (hbk.) |
| 020 ## - INTERNATIONAL STANDARD BOOK NUMBER | |
| International Standard Book Number | 0521885663 (hbk.) |
| 020 ## - INTERNATIONAL STANDARD BOOK NUMBER | |
| International Standard Book Number | 9780521713276 (pbk.) |
| 020 ## - INTERNATIONAL STANDARD BOOK NUMBER | |
| International Standard Book Number | 0521713277 (pbk.) |
| 035 ## - SYSTEM CONTROL NUMBER | |
| System control number | (OCoLC)ocn174449735 |
| 040 ## - CATALOGING SOURCE | |
| Original cataloging agency | UKM |
| Transcribing agency | UKM |
| Modifying agency | YDXCP |
| -- | BAKER |
| -- | BTCTA |
| -- | J2H |
| -- | SUC |
| -- | BWX |
| -- | DLC |
| 042 ## - AUTHENTICATION CODE | |
| Authentication code | ukblcatcopy |
| -- | lccopycat |
| 050 00 - LIBRARY OF CONGRESS CALL NUMBER | |
| Classification number | JZ5538 |
| Item number | .F78 2008 |
| 082 ## - DEWEY DECIMAL CLASSIFICATION NUMBER | |
| Edition number | 20 |
| Classification number | 321.8 |
| Item number | FRO |
| 245 00 - TITLE STATEMENT | |
| Title | From war to democracy : |
| Remainder of title | dilemmas of peacebuilding / |
| Statement of responsibility, etc | edited by Anna K. Jarstad, Timothy D. Sisk. |
| 260 ## - PUBLICATION, DISTRIBUTION, ETC. (IMPRINT) | |
| Place of publication, distribution, etc | Cambridge : |
| Name of publisher, distributor, etc | Cambridge University Press, |
| Date of publication, distribution, etc | c.2008. |
| 300 ## - PHYSICAL DESCRIPTION | |
| Extent | xvii, 290 p. ; |
| Dimensions | 23 cm. |
| 504 ## - BIBLIOGRAPHY, ETC. NOTE | |
| Bibliography, etc | Includes bibliographical references and index. |
| 505 0# - FORMATTED CONTENTS NOTE | |
| Formatted contents note | Introduction / Anna K. Jarstad and Timothy D. Sisk -- Dilemmas of war-to-democracy transitions : theories and concepts / Anna K. Jarstad -- Peacekeeping and democratization / Virginia Page Fortna -- Violence in war-to-democracy transitions / Kristine H�oglund -- Power sharing : former enemies in joint government / Anna K. Jarstad -- When rebels change their stripes : armed insurgents in post-war politics / Mimmi S�oderberg Kovacs -- Post-war elections : uncertain turning points of transition / Benjamin Reilly -- Civil society in war-to-democracy transitions / Roberto Belloni -- International responses to crises of democratization in war-torn societies / Peter Wallensteen -- Peacebuilding as democratization : findings and recommendations / Timothy D. Sisk. |
| 650 #0 - SUBJECT ADDED ENTRY--TOPICAL TERM | |
| Topical term or geographic name as entry element | Democratization. |
| 9 (RLIN) | 4586 |
| 650 #0 - SUBJECT ADDED ENTRY--TOPICAL TERM | |
| Topical term or geographic name as entry element | Civil war. |
| 9 (RLIN) | 4587 |
| 650 #0 - SUBJECT ADDED ENTRY--TOPICAL TERM | |
| 9 (RLIN) | 4585 |
| Topical term or geographic name as entry element | Peace-building |
| 700 1# - ADDED ENTRY--PERSONAL NAME | |
| Personal name | Jarstad, Anna. |
| 9 (RLIN) | 4588 |
| 700 1# - ADDED ENTRY--PERSONAL NAME | |
| Personal name | Sisk, Timothy D., |
| Dates associated with a name | 1960- |
| 9 (RLIN) | 4589 |
| 942 ## - ADDED ENTRY ELEMENTS (KOHA) | |
| Source of classification or shelving scheme | Dewey Decimal Classification |
| Item type | Book - Borrowing |
| Withdrawn status | Item status | Source of classification or shelving scheme | Damaged status | Not for loan | Vendor | Home library | Current library | Shelving location | Date acquired | Source of acquisition | Cost, normal purchase price | Serial Enumeration / chronology | Total Checkouts | Total Renewals | Full call number | Barcode | Date last seen | Date last borrowed | Koha item type |
|---|---|---|---|---|---|---|---|---|---|---|---|---|---|---|---|---|---|---|---|
| Dewey Decimal Classification | Baccah | Central Library | Central Library | First floor | 05/05/2009 | 166.40 | 6994 | 9 | 49 | 321.8 FRO | 000016100 | 15/07/2025 | 15/10/2017 | Book - Borrowing |